ბათუმის შოთა რუსთაველის სახელმწიფო უნივერსიტეტის ბიბლიოთეკა

ჯვაროსანთა დროიდან : ოთხი საისტორიო ნარკვევი / (ბიბ.ჩანაწერი № 56109)

000 -ლიდერი
ფიქსირებული სიგრძის საკონტროლო ველი 01969nam a2200301Ia 4500
001 - საკონტროლო ნომერი
საკონტროლო ველი 23210
003 - საკონტროლო ნომრის იდენტიფიკატორი
საკონტროლო ველი GE_BSU
005 - ბოლო ოპერაციის თარიღი და დრო
საკონტროლო ველი 20251016145239.0
008 - ფიქსირებული სიგრძის მონაცემთა ელემენტები - ზოგადი ინფორმაცია
ფიქსირებული სიგრძის საკონტროლო ველი 181216s1989||||ge |||||||||||||| ||geo||
040 ## - კატალოგიზაციის წყარო
Transcribing agency GE_BSU
041 ## - ენის კოდი
Language code of text/sound track or separate title geo
080 ## - უნივერსალური ათობითი კლასიფიკაციის ინდექსი
Universal Decimal Classification number 94(100)"1096-1270"+94(479.22)"05/14 ა-29
100 ## - მთავარი ჩანაწერი - პიროვნების სახელი
Personal name ავალიშვილი, ზ.
9 (RLIN) 26039
245 ## - ცნობა სათაურის შესახებ
Title ჯვაროსანთა დროიდან : ოთხი საისტორიო ნარკვევი /
Statement of responsibility, etc ზურაბ ავალიშვილი ; რედაქტორი გურამ მამულია ; მხატვარი ზ. კაპანაძე ; რუსთაველის საზოგადოება.
264 ## - წარმოების, გამოცემის, დისტრიბუციის და სხვა ცნობები
გამოცემის, წარმოების, დისტრიბუციის... ადგილი თბილისი :
გამოცემის, წარმოების, დისტრიბუციის... სახელწოდება საბჭოთა საქართველო,
გამოცემის, წარმოების, დისტრიბუციის... თარიღი 1989.
300 ## - ფიზიკური აღწერა
Extent 113 გვ. :
Other physical details 1ფ. პორტრეტი,
Dimensions 21 სმ.
504 ## - BIBLIOGRAPHY, ETC. NOTE
Bibliography, etc ბიბლიოგრაფია ტექსტის შენიშვნებში
520 ## - SUMMARY, ETC.
Summary, etc დავით აღმაშენებლს სრულიად საქართველოს ტახტზე აღსაყდრების 900წლისათვის აღსანიშნავად ქართველი ერისგან
653 ## - INDEX TERM--UNCONTROLLED
Uncontrolled term ისტორია
653 ## - INDEX TERM--UNCONTROLLED
Uncontrolled term ჯვაროსანთა დროიდან : ოთხი საისტორიო ნარკვევი
653 ## - INDEX TERM--UNCONTROLLED
Uncontrolled term ჯვაროსნული ლაშქრობები
653 ## - INDEX TERM--UNCONTROLLED
Uncontrolled term საქართველოს შუა საუკუნეების ისტორია
700 ## - ADDED ENTRY--PERSONAL NAME
Personal name მამულია, გურამ
Relator term რედაქტორი
9 (RLIN) 18427
700 ## - ADDED ENTRY--PERSONAL NAME
Personal name კაპანაძე, ზ.
Relator term მხატვარი
9 (RLIN) 19050
710 ## - ADDED ENTRY--CORPORATE NAME
Corporate name or jurisdiction name as entry element რუსთაველის საზოგადოება
9 (RLIN) 26040
942 ## - ADDED ENTRY ELEMENTS (KOHA)
Koha item type წიგნი
Source of classification or shelving scheme
ეგზემპლარები
ჩამოწერის სტატუსი დაკარგული ეგზემპლარის სტატუსი კლასიფიკაციის წყარო ან თაროზე გაწყობის სქემა დაზიანების სტატუსი არ გაიცემა მუდმივი მდებარეობა (დაცვის ადგილი) ამჟამინდელი ადგილსამყოფელი თაროზე განთავსების ადგილი შეძენის თარიღი ღირებულება, შესყიდვის ნორმალური ფასი სრული შენახვის შიფრი შტრიხკოდი ბოლო ოპერაციის თარიღი ეგზემპლარის მიმდევრობითი ნომერი (კეტერი?) ფასის ძალაში შესვლის თარიღი ეგზემპლარის სახეობა საჯარო შენიშვნა
          ბათუმის შოთა რუსთაველის სახელმწიფო უნივერსიტეტის მთავარი ბიბლიოთეკა ბათუმის შოთა რუსთაველის სახელმწიფო უნივერსიტეტის მთავარი ბიბლიოთეკა წიგნსაცავი 2018-12-17 3.00 94(100) 28217 2018-12-17 28217 2018-12-17 წიგნი 3.00 ₾.